إشكاليات رصد الفقر والحرمان الحضري وتوزيعاته المكانية : (رقم التسجيلة. 172654)

تفاصيل مارك
000 -LEADER
fixed length control field 05060namaa22004331i 4500
003 - CONTROL NUMBER IDENTIFIER
control field OSt
005 - أخر تعامل مع التسجيلة
control field 20250714111833.0
008 - FIXED-LENGTH DATA ELEMENTS--GENERAL INFORMATION
fixed length control field 250619s2024 ua a|||frm||| 000 0 eng d
040 ## - CATALOGING SOURCE
Original cataloguing agency EG-GICUC
Language of cataloging ara
Transcribing agency EG-GICUC
Modifying agency EG-GICUC
Description conventions rda
041 0# - LANGUAGE CODE
Language code of text/sound track or separate title ara
Language code of summary or abstract ara
-- eng
049 ## - Acquisition Source
Acquisition Source إيداع
082 04 - DEWEY DECIMAL CLASSIFICATION NUMBER
Classification number 339.46
092 ## - LOCALLY ASSIGNED DEWEY CALL NUMBER (OCLC)
Classification number 339.46
Edition number 21
097 ## - Degree
Degree دكتـــــوراه‎
099 ## - LOCAL FREE-TEXT CALL NUMBER (OCLC)
Local Call Number Cai01.22.01.Ph.D.2024.مح.إ
100 0# - MAIN ENTRY--PERSONAL NAME
Authority record control number or standard number ،محمد السيد طلبة أمام
Preparation إعداد.
245 10 - TITLE STATEMENT
Title إشكاليات رصد الفقر والحرمان الحضري وتوزيعاته المكانية :
Remainder of title تطوير نموذج منهجي للقياس والتحليل متعدد الأبعاد لدعم صناعة سياسات التنمية والتخطيط الحضري /
Statement of responsibility, etc. إعداد محمد السيد طلبة أمام؛ تحت إشـــراف: أ.د /طارق وفيق محمد، أ.م.د/عبد الخالق عبد الرحمن عواد.
246 15 - VARYING FORM OF TITLE
Title proper/short title Problems of monitoring urban poverty, deprivation and spatial distributions :
Remainder of title Developing a methodological model of multi-dimensional measuring and analysis for enhancing policy making and urban planning /
264 #0 - PRODUCTION, PUBLICATION, DISTRIBUTION, MANUFACTURE, AND COPYRIGHT NOTICE
Date of production, publication, distribution, manufacture, or copyright notice 2024.
300 ## - PHYSICAL DESCRIPTION
Extent 199+40 صفحة :
Other physical details ملاحق ؛
Dimensions 30 cm. +
Accompanying material CD.
336 ## - CONTENT TYPE
Content type term text
Source rda content
337 ## - MEDIA TYPE
Media type term Unmediated
Source rdamedia
338 ## - CARRIER TYPE
Carrier type term volume
Source rdacarrier
502 ## - DISSERTATION NOTE
Dissertation note أطروحة (دكتوراه)-جامعة القاهرة، 2024.
504 ## - BIBLIOGRAPHY, ETC. NOTE
Bibliography, etc. note ببليوجرافيا: صفحات 202-207.
520 ## - SUMMARY, ETC.
Summary, etc. تعد مشكلة الفقر والحرمان الحضري من أهم المشكلات الاجتماعية والاقتصادية على المستوى العالمي، حيث يقع قرابة 700 مليون إنسان من سكان الحضر تحت خط الفقر المدقع طبقا لبيانات البنك الدولي في عام 2017م، كما تشير أغلب الدراسات المعنية بظاهرة الفقر والحرمان خلال العقدين الأخيرين إلى غياب التوزيعات والتباينات المكانية، واهتمت بالتعرف على الظاهرة وقياس عناصرها وعواملها المختلفة، والتي أكدت حقيقة أن الفقر ظاهرة معقدة ومتعددة الأبعاد - لا يمكن اختزال قياسه فقط من الناحية النقدية- بل ينشأ من تفاعل العمليات الاقتصادية والسياسية والاجتماعية والعمرانية. ومن خلال دراسة إشكاليات رصد وقياس الفقر والحرمان الحضري ومميزاتها الإيجابية ونقاط الضعف، ودمج تحليل وتحديد النطاقات المكانية تمكن البحث من الوصول إلى تطوير نموذج منهجي مقترح لضبط القياس ورفع كفاءه رصد التوزيع المكاني لتعزيز كفاءة التخطيط وصناعة سياسات التنمية الحضرية المستدامة.
520 ## - SUMMARY, ETC.
Summary, etc. The problem of poverty and urban deprivation is one of the most important social and economic problems at the global level, as nearly 700 million urban residents fall below the extreme poverty line, according to World Bank data in 2017. And most studies concerned with the phenomenon of poverty and deprivation during the last two decades indicate the absence of spatial distributions and disparities, that was interested in identifying the phenomenon and measuring its various elements and factors, which confirmed the fact that poverty is a complex and multi-dimensional phenomenon - its measurement cannot be reduced only in monetary terms - but arises from the interaction of economic, political, social and urban processes. By studying problems of monitoring and measuring poverty and urban deprivation, their positive advantages and weaknesses, and integrating the analysis and determination of spatial scopes, the research enabled the development of a systematic model to control measurement and raise the efficiency of monitoring the spatial distribution to enhance efficiency of planning and manufacture of sustainable urban development policies.
530 ## - ADDITIONAL PHYSICAL FORM AVAILABLE NOTE
Issues CD صدر أيضًا كقرص مدمج.
546 ## - LANGUAGE NOTE
Text Language النص بالعربية والملخص باللغة الإنجليزية والعربية.
650 #7 - SUBJECT ADDED ENTRY--TOPICAL TERM
Topical term or geographic name entry element الفقر
Source of heading or term qrmak
650 #7 - SUBJECT ADDED ENTRY--TOPICAL TERM
Topical term or geographic name entry element التخلف الاقتصادى
653 #0 - INDEX TERM--UNCONTROLLED
Uncontrolled term الفقر والحرمان الحضري
-- الفقر متعدد الابعاد
-- التباينات المكانية
700 0# - ADDED ENTRY--PERSONAL NAME
Personal name طارق وفيق محمد
Relator term مشرف أطروحة.
700 0# - ADDED ENTRY--PERSONAL NAME
Personal name عبد الخالق عبد الرحمن عواد
Relator term مشرف أطروحة.
900 ## - Thesis Information
Grant date 01-01-2024
Supervisory body طارق وفيق محمد
-- عبد الخالق عبد الرحمن عواد
Universities جامعة القاهرة
Faculties كلية التخطيط الإقليمي والعمراني
Department قسم التخطيط العمراني
905 ## - Cataloger and Reviser Names
Cataloger Name Sara Salah
Reviser Names Afaf
942 ## - ADDED ENTRY ELEMENTS (KOHA)
Source of classification or shelving scheme Dewey Decimal Classification
Koha item type Thesis
Edition 21
Suppress in OPAC No
المقتنيات
Source of classification or shelving scheme Home library Current library Date acquired Inventory number Full call number Barcode Date last seen Effective from Koha item type
Dewey Decimal Classification المكتبة المركزبة الجديدة - جامعة القاهرة قاعة الرسائل الجامعية - الدور الاول 19.06.2025 32197 Cai01.22.01.Ph.D.2024.مح.إ 01010100032197000 19.06.2025 19.06.2025 Thesis
Cairo University Libraries Portal Implemented & Customized by: Eng. M. Mohamady Contacts: new-lib@cl.cu.edu.eg | cnul@cl.cu.edu.eg
CUCL logo CNUL logo
© All rights reserved — Cairo University Libraries
CUCL logo
Implemented & Customized by: Eng. M. Mohamady Contact: new-lib@cl.cu.edu.eg © All rights reserved — New Central Library
CNUL logo
Implemented & Customized by: Eng. M. Mohamady Contact: cnul@cl.cu.edu.eg © All rights reserved — Cairo National University Library